000 00493cam a2200193ua 4500
020 _c395.00
041 _aeng
_h
082 _a028.73631
_bLOZ/DI
100 _aLozet, Jean .
245 _aDictionary of soil science /
_cJean Lozet.
_hTextual Documents
250 _a2 /
_b.
260 _aNew Delhi :
_bOxford & IBH Publishing company ,
_c1991.
300 _a348 ; .
365 _a395.00
504 _a
700 1 _aMathieu, Clement .
942 _cBK
999 _c10895
_d10895